00574nam a2200193 a 45000010005000000030008000050050017000130080041000300350018000710400034000890410008001230820025001311000029001562450080001852600035002653000034003006100020003346500026003544273BD-RjUL20211208233850.0131222s1954 nyu 001 0 eng d a(BD-RjUL)4308 aVCAVbengcVCAVdWLBdBD-RjUL aeng04a341.23219bLII 19541 aLie, Trygve,d1896-1968.10aIn the cause of peace :bseven years with the United Nations /cTrygve Lie. aNew York :bMacmillan,cc1954. axiii, 473 p :bport.;c21 cm.20aUnited Nations. 0aWorld politicsy1945-